000
00285nam a22001337a 4500
008
181023b xxu||||| |||| 00| 0 eng d
020
_a
9780321693457
041
_a
eng
080
_2
11th
_a
541
100
_a
12
101
_a
KIM
245
_a
Chemistry
_c
Timberlake
942
_2
udc
_c
BK
999
_c
50666
_d
50666